A Responsabilidade dos Sc̤ios nas Sociedades Empresr̀ias

Detalles Bibliográficos
Autor principal: Schwarz Gaggini, Fernando
Formato: Libro
Lenguaje:portugués
Publicado: Brasil LEUD - Livraria e Editora Universitr̀ia de Direito 2013
Materias:
Acceso en línea:Acceso restringido

MARC

LEADER 00000nam a22000007a 4500
005 20160224124247.0
007 cr|||| ||u|
008 160224s2013 bl ||||| |||| 00||0 por d
020 |a 978-85-7456-287-2 
035 |a 13120 
040 |a vLex 
090 |c 5922  |d 5922 
100 1 |a Schwarz Gaggini, Fernando 
245 1 0 |a A Responsabilidade dos Sc̤ios nas Sociedades Empresr̀ias  |h [Recurso electrn̤ico] /  |c Fernando Schwarz Gaggini 
256 |a Servicio en ln̕ea  
260 |a Brasil  |b LEUD - Livraria e Editora Universitr̀ia de Direito  |c 2013 
300 |a 1 recurso electrn̤ico 
506 1 |a Contenido solo disponible en los productos indicados  |d vLex Global  |d vLex Global (Academic Edition, excluding Law Schools)  |d vLex Global (U.S. Academic Edition, Law Schools)  |d vLex Global (U.S. Academic Edition, excluding Law Schools)  |d vLex Global (Academic Edition, Law Schools) 
650 0 4 |a Derecho  |z Brasil 
740 0 |a vLex libros (servicio en ln̕ea)  
856 4 0 |u http://vlex.com/source/responsabilidade-socios-sociedades-empresarias-13120  |z Acceso restringido  
942 |c BOOK 
999 0 |a Law